000 00517nam a2200169 4500
001 125983
003 ES-MaACL
005 20250801063037.0
007 t|
008 070214s1903 fr r ||||1| fre d
100 1 _aRégnier, Henri de,
_d1864-1936
_995907
245 1 4 _aLes vacances d'un jeune homme sage
_b: roman /
_cHenri de Régnier.
260 _aParis :
_b[s. n.],
_c1903 (
_ePoitiers :
_fBlais et Roy)
300 _a276 p. ;
_c19 x 12 cm.
852 _aES-MaACL
_jB-3353
999 _c125983
_d125983